| 000 | 00507nam a2200181Ia 4500 | ||
|---|---|---|---|
| 008 | 181130s2018 xx 000 0 und d | ||
| 100 | _aBerg, Claudia N. | ||
| 245 | _aRoads and rural development in sub-saharan Africa | ||
| 260 | _c2018 | ||
| 300 | _ap.856-874. | ||
| 504 | _dMay | ||
| 650 | _aRoads | ||
| 650 | _aRoads - Africa | ||
| 650 | _aRural development - Sub-saharan Africa | ||
| 700 | _aBlankespoor, Brian and Selod, Harris | ||
| 773 | _aJournal of Development Studies | ||
| 906 | _aRoads | ||
| 999 |
_c506447 _d506447 |
||